Sociology of kinship/ (Record no. 11681)

MARC details
000 -LEADER
fixed length control field 00644nam a22002297a 4500
005 - DATE AND TIME OF LATEST TRANSACTION
control field 20260515114959.0
008 - FIXED-LENGTH DATA ELEMENTS--GENERAL INFORMATION
fixed length control field 231012b ||||| |||| 00| 0 eng d
020 ## - INTERNATIONAL STANDARD BOOK NUMBER
International Standard Book Number 9789391060596
040 ## - CATALOGING SOURCE
Original cataloging agency IN-DiNC
Transcribing agency IN-DiNC
041 ## - LANGUAGE CODE
Language code of sung or spoken text asm
082 ## - DEWEY DECIMAL CLASSIFICATION NUMBER
Classification number 306.83
Item number SOC
245 ## - TITLE STATEMENT
Title Sociology of kinship/
Statement of responsibility, etc. by Moushumi Bordoloi and others
250 ## - EDITION STATEMENT
Edition statement 1st ed.
260 ## - PUBLICATION, DISTRIBUTION, ETC.
Place of publication, distribution, etc. Dibrugarh:
Name of publisher, distributor, etc. Banalata,
Date of publication, distribution, etc. 2021.
300 ## - PHYSICAL DESCRIPTION
Extent 179p.
650 ## - SUBJECT ADDED ENTRY--TOPICAL TERM
Topical term or geographic name entry element Family, household and marriage
700 ## - ADDED ENTRY--PERSONAL NAME
Personal name Bordoloi, Moushumi
Relator term author
700 ## - ADDED ENTRY--PERSONAL NAME
Personal name Dasgupta, Piyali
Relator term author
700 ## - ADDED ENTRY--PERSONAL NAME
Personal name Borah, Priyanka
Relator term author
700 ## - ADDED ENTRY--PERSONAL NAME
Personal name Weingken, Lawn
Relator term author
942 ## - ADDED ENTRY ELEMENTS (KOHA)
Source of classification or shelving scheme Dewey Decimal Classification
Koha item type Books
Holdings
Withdrawn status Lost status Source of classification or shelving scheme Damaged status Not for loan Collection Home library Current library Shelving location Date acquired Cost, normal purchase price Total checkouts Full call number Barcode Date last seen Date last checked out Copy number Price effective from Koha item type
    Dewey Decimal Classification       Naharkatiya College Library Naharkatiya College Library General stacks 10/12/2023 230.00 2 306.83 SOC 29572 08/18/2025 08/01/2025 1 10/12/2023 Books
    Dewey Decimal Classification       Naharkatiya College Library Naharkatiya College Library General stacks 10/12/2023 230.00 3 306.83 SOC 29573 08/26/2025 08/08/2025 2 10/12/2023 Books